Sports Quiz

Random Sports or WWE Quiz

WWE Champions by Date and Location Quiz Stats

 Plays Quiz not verified by Sporcle

Also try: AP All-Americans
Challenge
Share
Tweet
Embed
Score 0/50 Timer 10:00
0 Plays Today
% Correct
AJ Styles
83.9%
Bray Wyatt
76.2%
Roman Reigns
76.1%
Jinder Mahal
75%
Seth Rollins
74.8%
Dean Ambrose
72.7%
Buddy Rogers
71.7%
The Ultimate Warrior
71.7%
Bret Hit Man Hart
69.8%
Hulk Hogan
69.2%
Shawn Michaels
68.6%
Eddie Guerrero
67.3%
Daniel Bryan
67.3%
Bruno Sammartino
66.7%
Nature Boy Ric Flair
66%
Brock Lesnar
66%
Macho Man Randy Savage
65.4%
Chris Jericho
65.4%
Andre the Giant
64.8%
John Cena
64.8%
The Undertaker
64.2%
CM Punk
64.2%
Yokozuna
63.5%
Stone Cold Steve Austin
63.5%
Sgt. Slaughter
62.9%
% Correct
Diesel
62.9%
Sycho Sid
62.3%
John Bradshaw Layfield
62.3%
The Iron Sheik
61.6%
Sheamus
61.6%
Alberto Del Rio
61%
Kane
59.7%
The Rock
59.1%
Kurt Angle
59.1%
Edge
59.1%
Jeff Hardy
59.1%
Mankind
57.2%
Rob Van Dam
56.6%
The Miz
56%
Vince McMahon
55.3%
Bob Backlund
54.7%
The Big Show
54.7%
Triple H
54.1%
Randy Orton
51.6%
Batista
47.8%
Ivan Koloff
47.2%
Superstar Billy Graham
46.5%
Stan Stasiak
45.3%
Rey Mysterio
42.8%
Pedro Morales
40.9%

You're not logged in!

Compare scores with friends on all Sporcle quizzes.
Join for Free
OR
Log In

You Might Also Like...

Show Comments

Extras

Top Quizzes Today


Score Distribution

Your Account Isn't Verified!

In order to create a playlist on Sporcle, you need to verify the email address you used during registration. Go to your Sporcle Settings to finish the process.

Report this User

Report this user for behavior that violates our Community Guidelines.

Details: